000 00261pam a2200121 a 4500
020 _c
041 _aeng
100 _aStaffard Hatfiled.
245 _aInventions
_hTextual Documents
260 _aNew York
_bPenguin Books Ltd
300 _a176p.
930 _a15306
999 _c92206
_d92206